| 000 | 00907 a2200241 4500 | ||
|---|---|---|---|
| 010 | _aENG-85293 | ||
| 020 |
_a076193524X _c495.00 |
||
| 020 | _a9780761935247 | ||
| 035 | _aEN-68826 | ||
| 082 | 1 | 4 | _a658 |
| 090 |
_c1872 _d1872 |
||
| 100 | 1 | _aTiwari, Sanjay, | |
| 245 | 1 |
_aThe (un)common sense of management _bfive skills and a sixth sense _cSanjay Tiwari. |
|
| 246 | 1 | _aUncommon sense of management | |
| 260 |
_aNew Delhi _bResponse Books, _c2006. |
||
| 300 |
_a389 p. : _bill. ; _a25 cm. |
||
| 500 | _aIncludes bibliographical reference and index | ||
| 650 | 0 | _aManagement. | |
| 856 | 4 | 1 |
_3Table of contents only _uhttp://www.loc.gov/catdir/toc/ecip0617/2006021734.html |
| 856 | 4 | 1 |
_3Publisher description _uhttp://www.loc.gov/catdir/enhancements/fy0704/2006021734-d.html |
| 942 |
_adpl _cEN _k658 / TIW |
||
| 999 |
_c1840 _d1840 |
||